000 00381 a2200169 4500
001 157549
020 _a978-85-9602-260-6
040 _cEscola São Tomás de Aquino
100 _aLOBATO, Monteiro
240 1 0 _aA onça e o coelho
_lpor
245 1 0 _aA onça e o coelho
300 _a32
362 0 _a2019
440 1 _aFTD
697 _aLITERATURA BRASILEIRA
942 _cBK
999 _c157549
_d157549